Les rois de France (dans l'ordre) - Statistiques

Statistiques générales
  • Ce quiz a été pris 1 938 fois
    1 878 depuis la dernière actualisation
  • Le résultat moyen est 28 sur 67
Statistiques - réponses
Règne / Reign Dynastie / Dynasty Réponse / Answers Surnom / Nickname % Correct
481-511 Mérovingien Clovis -
92%
768-814 Carolingien Charlemagne / Charles I Le Grand
59%
1643-1715 Bourbons Louis XIV Le Grand / Le Roi-Soleil
59%
1715-1774 Bourbons Louis XV Le Bien-Aimé
59%
1774-1792 Bourbons Louis XVI -
59%
1852-1870 Bonaparte Napoleon III -
59%
1804-1815 Bonaparte Napoleon I -
58%
1610-1643 Bourbons Louis XIII Le Juste
56%
1589-1610 Bourbons Henri IV Le Grand / Le Vert-Galant
55%
1814-1824 Bourbons Louis XVIII -
54%
1815-1815 Bonaparte Napoleon II -
54%
751-768 Carolingien Pépin le Bref / Pépin III Le Bref
53%
1515-1547 Valois François I Le Père et Restaurateur des Lettres
52%
1824-1830 Bourbons Charles X -
51%
1574-1589 Valois Henri III -
51%
1547-1559 Valois Henri II -
50%
987-996 Capétien Hugues Capet / Hugues I -
50%
1285-1314 Capétien Philippe IV / Philippe le Bel Le Bel
49%
1830-1848 Orléans Louis-Philippe I Le Roi-Citoyen
48%
1498-1515 Valois Louis XII Le Père du Peuple
48%
1559-1560 Valois François II -
47%
814-840 Carolingien Louis I Le Pieux / Le Débonnaire
47%
1108-1137 Capétien Louis VI Le Gros
47%
843-877 Carolingien Charles II Le Chauve
46%
1560-1574 Valois Charles IX -
46%
1380-1422 Valois Charles VI Le Bien-Aimé / Le Fol
46%
1422-1461 Valois Charles VII Le Victorieux / Le Bien Servi
46%
1226-1270 Capétien Louis IX / Saint Louis Le Prudhomme
46%
1461-1483 Valois Louis XI Le Prudent / L'Universelle Aragne
46%
1483-1498 Valois Charles VIII L'Affable
45%
1314-1316 Capétien Louis X Le Hutin
45%
1364-1380 Valois Charles V Le Sage
44%
877-879 Carolingien Louis II Le Bègue
44%
1137-1180 Capétien Louis VII Le Jeune / Le Pieux
44%
1270-1285 Capétien Philippe III Le Hardi
44%
1316-1316 Capétien Jean I Le Posthume
43%
1223-1226 Capétien Louis VIII Le Lion
43%
1322-1328 Capétien Charles IV Le Bel
42%
1350-1364 Valois Jean II Le Bon
41%
1180-1223 Capétien Philippe II / Philippe Auguste -
41%
1316-1322 Capétien Philippe V Le Long
40%
922-923 Robertien Robert I -
40%
936-954 Carolingien Louis IV d'Outremer
39%
986-987 Carolingien Louis V Le Fainéant
38%
1328-1350 Valois Philippe VI -
38%
881-887 Carolingien Charles III Le Gros
37%
879-882 Carolingien Louis III -
37%
558-561 Mérovingien Clotaire I -
36%
629-639 Mérovingien Dagobert I -
36%
1060-1108 Capétien Philippe I -
36%
996-1031 Capétien Robert II Le Pieux
35%
888-898 Robertien Eudes I / Eudes -
32%
1031-1060 Capétien Henri I -
32%
768-771 Carolingien Carloman I -
31%
893-929 Carolingien Charles III Le Simple
31%
613-629 Mérovingien Clotaire II -
31%
923-936 Bivinides / Bosonides Raoul I -
29%
879-884 Carolingien Carloman II -
24%
673-675 Mérovingien Childéric II -
22%
954-989 Carolingien Lothaire / Lothaire I -
22%
743-751 Mérovingien Childéric III -
20%
679-691 Mérovingien Thierry III -
18%
721-737 Mérovingien Thierry IV -
18%
719-721 Mérovingien Chilpéric II -
17%
711-715 Mérovingien Dagobert III -
17%
695-711 Mérovingien Childebert IV / Childebert III -
15%
691-694 Mérovingien Clovis IV -
15%
Aucun quiz correspondant
Distribution des résultats
% des personnes avec chaque résultat
Percentile par nombre de réponses
Votre historique - résultats
Vous n’avez pas pris ce quiz depuis la dernière actualisation